000 00907nam a2200301 i 4500
003 EG-GICUC
005 20260502094521.0
008 260502s1947 us ||||fr|||| 000 0 eng d
040 _aEG-GiCUC
_beng
_cEG-GiCUC
_dEG-GiCUC
_erda
082 0 4 _221
_a343.6
_bHE . C
092 0 4 _221
099 _aLaw1 10 343.6 HE . C 1947
100 1 _aHentig, Hans Von
_eAuthor.
245 1 0 _aCrime Causes and Conditions /
_cHans Von Hentig.
_b
_n
250 _aFirst Edition
264 1 _aNew York :
_bMcGraw-Hill Book Company, INC,
_c1947.
300 _a379pages :
_billustrations,
_c24 cm
336 _2rda content
_atext
337 _2rda media
_aComputer
338 _2rda carrier
_aOnline Resource
504 _a
546 _aText in English
650 1 4 _aCriminal law
_2
651 1 _2
856 4 0 _uhttps://fll.law.cu.edu.eg/fulltext/bks/B10-10642.pdf
905 _a50
942 _2ddc
_cBK
_e21
_n0
999 _c74754
_d74754